Flexibilidad y competencias profesionales en las universidades iberoamericanas / (Record no. 43537)

MARC details
000 -LEADER
fixed length control field 00705nam a22001937a 4500
008 - FIXED-LENGTH DATA ELEMENTS--GENERAL INFORMATION
fixed length control field 131021t sp||||| |||| 00| 0 spa d
020 ## - INTERNATIONAL STANDARD BOOK NUMBER
International Standard Book Number 8487682685
050 04 - LIBRARY OF CONGRESS CALL NUMBER
Classification number LC1033.5 A54
Item number F54 2006
245 00 - TITLE STATEMENT
Title Flexibilidad y competencias profesionales en las universidades iberoamericanas /
Statement of responsibility, etc René Pedroza Flores comp.
250 ## - EDITION STATEMENT
Edition statement 1a ed.
260 ## - PUBLICATION, DISTRIBUTION, ETC. (IMPRINT)
Place of publication, distribution, etc Barcelona, España :
Name of publisher, distributor, etc Pomares ,
Date of publication, distribution, etc 2006
300 ## - PHYSICAL DESCRIPTION
Extent 216 p. ;
Dimensions 23cm.
440 ## - SERIES STATEMENT/ADDED ENTRY--TITLE
Title Colección Pedagógica Mundi
504 ## - BIBLIOGRAPHY, ETC. NOTE
Bibliography, etc Incluye :Bibliografía e índice
650 #4 - SUBJECT ADDED ENTRY--TOPICAL TERM
Topical term or geographic name as entry element Educación Superior
Form subdivision Evaluación
Geographic subdivision America Latina
650 #4 - SUBJECT ADDED ENTRY--TOPICAL TERM
Topical term or geographic name as entry element Planificación curricular
Geographic subdivision America Latina
700 ## - ADDED ENTRY--PERSONAL NAME
Personal name Pedroza Flores, René,
Relator term comp.
942 ## - ADDED ENTRY ELEMENTS (KOHA)
Source of classification or shelving scheme Biblioteca del Cogreso de los Estados Unidos
Koha item type Libro
Holdings
Estado de pérdida Fuente de clasificación Estado del daño No para préstamo Ubicación permanente Ubicación actual Apartado o colección Fecha de adquisición Enumeración de Serie / Cronológica Dependencia de educación superior (DES) Área del conocimiento Clasificación Código de Barras Date last seen Número de copia Tipo de recurso
  Biblioteca del Cogreso de los Estados Unidos     Biblioteca de la Facultad de Psicología Biblioteca de la Facultad de Psicología General 21/10/2013 BFP000006425     LC1033.5 A54 F54 2006 BFP000006425 21/10/2013 1 Libro